K-pop: LE SSERAFIM Members - Text - Statistics

General Stats
  • This quiz has been taken 20 times
  • The average score is 5 of 6
Answer Stats
Answer % Correct
Sakura
100%
Chaewon
94%
Eunchae
83%
Garam
78%
Yunjin
78%
KAZUHA
72%
No matching quizzes found
Score Distribution
Percent of People with Each Score
Percentile by Number Answered
Your Score History
You have not taken this quiz